Tratado de la Virgen Santísima

Saved in:
Bibliographic Details
Main Author: Alastruey, Gregorio (Author)
Format: Book
Language:Spanish
Published: Madrid La Católica 1947
Edition:2a. ed
Series:Biblioteca de Autores Cristianos, Teología y Cánones
Subjects:
Tags: Add Tag
No Tags, Be the first to tag this record!

MARC

LEADER 00000nam a2200000 a 4500
001 UCJ9004
003 CL-VaPUC
008 070126e19470925SP |||||||||||||||||spa|d
082 0 4 |a 232.91  |b ALA  |2 21 
100 0 |a Alastruey, Gregorio  |e author  |9 518868 
245 1 0 |a Tratado de la Virgen Santísima 
250 |a 2a. ed 
300 |a 989 p 
942 |c BK 
945 |d 20070126 00:00:00  |a lvergara 
260 |a Madrid  |b La Católica  |c 1947 
500 |a v.2: primera versión castellana de la Mariología Latina 
650 0 |a Virgen María   |9 313323 
650 0 |a Mariología   |9 365249 
650 7 |a TEOLOGIA MARIANA  |2 CL-VaPUC  |9 315731 
583 |a last modification  |c 20070126 00:00:00  |k Rodrigo Vera 
490 0 |a Biblioteca de Autores Cristianos, Teología y Cánones 
999 |c 324647  |d 324645 
952 |0 0  |1 0  |4 0  |6 232_910000000000000_ALA_1947  |7 0  |8 P  |9 404923  |a BIBTEO  |b BIBTES  |c TEO_FTES  |d 2019-11-22  |h v.2  |i 424642K  |o 232.91 ALA 1947  |p 424642K  |r 2024-01-18  |w 2019-11-22  |y BK  |k ICR